[Event "CRO-Cup"]
[Site "Pula"]
[Date "1992.??.??"]
[Round "2"]
[White "Ljubicic, Filip"]
[Black "Bubalovic, Davorin"]
[Result "1-0"]
[WhiteElo "2320"]
[BlackElo "2300"]

1.e4 e5 2.Nf3 Nc6 3.Bb5 a6 4.Ba4 Nf6 5.O-O b5 6.Bb3 Bb7 7.c3 Nxe4 8.Re1 d5
9.d3 Nc5 10.Nxe5 Nxe5 11.Rxe5+ Be7 12.d4 Nxb3 13.axb3 O-O 14.Qg4 Bc8 15.Qf3 Be6
16.b4 Re8 17.Bf4 Bf6 18.Re3 c6 19.Nd2 a5 20.bxa5 Rxa5 21.Ree1 Rxa1 22.Rxa1 b4
23.h3 Qb6 24.Nb3 Be7 25.Qd3 bxc3 26.Qxc3 Rc8 27.Qg3 Bf5 28.Rc1 Qb5 29.Rc3 Qa4
30.Bd6 Bf6 31.Be5 Bxe5 32.Qxe5 g6 33.Kh2 Qa2 34.Rf3 Qb1 35.Nc5 Ra8 36.Rb3 h5
37.h4 Qc2 38.Kg3 Qb1 39.f3 Qc2 40.Rb7 Rf8 41.Qf6 Qd2 42.Re7 Qh6 43.Re2 Rb8  1-0

[Event "Sas van Gent"]
[Site "Sas van Gent"]
[Date "1992.??.??"]
[Round "?"]
[White "Martens, Martin"]
[Black "Klip, Hans"]
[Result "1/2-1/2"]
[WhiteElo "2390"]
[BlackElo "2345"]

1.e4 e5 2.Nf3 Nc6 3.Bb5 a6 4.Ba4 Nf6 5.O-O b5 6.Bb3 Bb7 7.d3 Bd6 8.c3 O-O
9.Nbd2 h6 10.Re1 Re8 11.d4 Bf8 12.d5 Na5 13.Bc2 c6 14.b4 Nc4 15.Nxc4 bxc4
16.dxc6  1/2-1/2

[Event "EU-ch U20"]
[Site "Sas van Gent"]
[Date "1992.??.??"]
[Round "11"]
[White "Turner, Matthew"]
[Black "Golubovic, Boris"]
[Result "1/2-1/2"]
[WhiteElo "2325"]
[BlackElo "2300"]

1.e4 e5 2.Nf3 Nc6 3.Bb5 a6 4.Ba4 Nf6 5.O-O b5 6.Bb3 Bb7 7.d4 Nxd4 8.Nxd4 exd4
9.e5 Ne4 10.c3 d3 11.Qxd3 Nc5 12.Qg3 Nxb3 13.axb3 Qe7 14.c4 Qe6 15.cxb5 axb5
16.Rxa8+ Bxa8 17.Na3 Bc6 18.Nc2 Qg6 19.Nd4 Qxg3 20.hxg3 Bc5 21.Be3 Bxd4 22.Bxd4 Ke7
23.b4 Ke6 24.f3 Kd5 25.Bc3 Kc4 26.Kf2 Bd5 27.Rh1 Be6 28.Ke3 h6 29.Rh4+ Kb3
30.Kd4 Ra8 31.Rh1 Ra6 32.g4 Bc4 33.Ke3 Kc2 34.g3 Re6 35.Rh2+ Kb3 36.Rd2 d6
37.Kf2 dxe5 38.Rd7 e4 39.fxe4 Rxe4 40.Bxg7 Rxg4 41.Bc3 h5 42.Rxc7 h4 43.gxh4 Rxh4
44.Re7 Rh2+ 45.Kg3 Rh1 46.Re3 Rd1 47.Kf4 Bd3 48.Re1  1/2-1/2

[Event "Slupsk op"]
[Site "Slupsk"]
[Date "1992.??.??"]
[Round "?"]
[White "Wlodarczyk, Robert"]
[Black "Panczyk, Krzysztof"]
[Result "0-1"]
[WhiteElo "2295"]
[BlackElo "2415"]

1.e4 e5 2.Nf3 Nc6 3.Bb5 a6 4.Ba4 Nf6 5.O-O b5 6.Bb3 Bb7 7.c3 Nxe4 8.d4 Na5
9.Nxe5 Nxb3 10.Qxb3 Nd6 11.c4 f6 12.c5 fxe5 13.cxd6 Bxd6 14.dxe5 Bxe5 15.Re1 Qe7
16.Bf4 d6 17.Nc3 O-O-O 18.Nd5 Qf8 19.Be3 Kb8 20.Rec1 Qf7 21.Rd1 c6 22.Nb4 Qxb3
23.axb3 Bxb2 24.Ra2 Bc3 25.Nxa6+ Kc8 26.Bf4 Bxa6 27.Rxa6 Kb7 28.Ra2 d5  0-1

[Event "Alekhine op-B"]
[Site "Smolensk"]
[Date "1992.??.??"]
[Round "3"]
[White "Golovko, S."]
[Black "Notkin, Maksim"]
[Result "0-1"]
[WhiteElo "2295"]
[BlackElo "2300"]

1.e4 e5 2.Nf3 Nc6 3.Bb5 a6 4.Ba4 Nf6 5.O-O b5 6.Bb3 Bb7 7.d3 Bd6 8.c4 bxc4
9.Bxc4 Na5 10.Bxf7+ Kxf7 11.Bd2 c5 12.Qa4 Bc7 13.Bxa5 Bxa5 14.Qb3+ Ke8 15.Qxb7 Bb6
16.Nxe5 Ra7 17.Qxa7 Bxa7 18.Nc3 Qc7 19.Nc4 Rf8 20.e5 Ng4 21.h3 Nh6 22.Nd6+ Kd8  0-1

[Event "St Cugat op"]
[Site "St Cugat"]
[Date "1992.??.??"]
[Round "6"]
[White "Danailov, Silvio"]
[Black "Topalov, Veselin"]
[Result "0-1"]
[WhiteElo "2445"]
[BlackElo "2460"]

1.e4 e5 2.Nf3 Nc6 3.Bb5 a6 4.Ba4 Nf6 5.O-O b5 6.Bb3 Bb7 7.d3 Bd6 8.a4 Na5
9.Ba2 O-O 10.Nc3 b4 11.Ne2 h6 12.Ng3 Re8 13.Bd2 Bf8 14.Re1 c5 15.h3 Rb8 16.Bc4 Qc7
17.Nh2 d5 18.exd5 Nxd5 19.b3 Nxc4 20.bxc4 Nf4 21.Nf3 g6 22.Bxf4 exf4 23.Ne4 Bg7
24.Rb1 Bc6 25.Nfd2 Bxa4 26.Nb3 Bxb3 27.cxb3 Re6 28.Nd2 Rbe8 29.Rxe6 Rxe6
30.Nf3 Bc3 31.Qc2 Qe7 32.Kf1 g5 33.Rd1 Kg7 34.Qc1 Re2 35.d4 Ra2 36.Kg1 Qe2
37.Rf1 cxd4 38.Qd1 d3 39.Nh2 Ra1 40.Qxa1 Bxa1 41.Rxa1 d2  0-1

[Event "Rilton Cup"]
[Site "Stockholm"]
[Date "1992.??.??"]
[Round "5"]
[White "Degerman, Lars"]
[Black "Furhoff, Johan"]
[Result "0-1"]
[WhiteElo "2460"]
[BlackElo "2250"]

1.e4 e5 2.Nf3 Nc6 3.Bb5 a6 4.Ba4 Nf6 5.O-O b5 6.Bb3 Bb7 7.c3 Nxe4 8.d4 Na5
9.Nxe5 Nxb3 10.Qxb3 Nd6 11.Re1 Be7 12.Nd2 O-O 13.Ndf3 Nf5 14.d5 Bd6 15.c4 Bxe5
16.Rxe5 Nd6 17.cxb5 axb5 18.Re1 Ra4 19.Be3 Qa8 20.Red1 Re8 21.Bc5 Ne4 22.Rac1 Nf6
23.Qxb5 Bxd5 24.Qd3 Rf4 25.Ne1 Qxa2 26.Bd4 Bc6 27.Rc5 Rfe4 28.Nf3 Nd5 29.Be5 R4xe5
30.Nxe5 Rxe5 31.f4 Qa7 32.Qa3 Qxa3 33.bxa3 Re2 34.Rcxd5 Bxd5 35.Rxd5 d6 36.Ra5 Kf8
37.Ra7 Rc2 38.a4 Ke7 39.a5 Kd7 40.a6 Ra2 41.Ra8 g6 42.a7 f5 43.h3 Kc6 44.Rh8 Rxa7
45.Rxh7 d5 46.Rg7 d4 47.Rxg6+ Kd5 48.Kf2 c5 49.g4 fxg4 50.hxg4 c4 51.Rg8 c3
52.Rc8 Ra2+ 53.Ke1 Rg2 54.g5 Ke4  0-1

[Event "FRA-ch"]
[Site "Strasbourg"]
[Date "1992.??.??"]
[Round "4"]
[White "Koch, Jean Rene"]
[Black "Seret, Jean Luc"]
[Result "0-1"]
[WhiteElo "2460"]
[BlackElo "2420"]

1.e4 e5 2.Nf3 Nc6 3.Bb5 a6 4.Ba4 Nf6 5.O-O b5 6.Bb3 Bb7 7.c3 Nxe4 8.d4 Na5
9.Bc2 exd4 10.b4 Nc4 11.Bxe4 Bxe4 12.Re1 d5 13.Nxd4 c5 14.bxc5 Bxc5 15.f3 O-O
16.fxe4 dxe4 17.Rxe4 Qd5 18.Qf3 b4 19.Nd2 bxc3 20.Nb3 Ba7 21.Kf1 Rad8 22.Qf5 Qb7
23.Rh4 g6 24.Qf3 Qxf3+ 25.gxf3 Rd5 26.Bh6 Rc8 27.Re4 Nd2+ 28.Bxd2 cxd2 29.Ke2 f5
30.Rf4 Rcd8 31.Kd3 g5 32.Rg1 d1=Q+ 33.Rxd1 gxf4 34.Kc3 Kf7 35.Rd3 Kf6 36.a4 Kg6
37.Kc4 R5d7 38.Kc3 Rc8+ 39.Kb4  0-1

[Event "Sweden"]
[Site "Sweden"]
[Date "1992.??.??"]
[Round "?"]
[White "Winsnes, Rikard"]
[Black "Ronneland, Daniel"]
[Result "1-0"]
[WhiteElo "2345"]
[BlackElo "2275"]

1.e4 e5 2.Nf3 Nc6 3.Bb5 a6 4.Ba4 Nf6 5.O-O b5 6.Bb3 Bb7 7.c3 Nxe4 8.d4 Na5
9.Nxe5 Nxb3 10.Qxb3 Qf6 11.f3 Nc5 12.Ng4 Nxb3 13.Nxf6+ Ke7 14.Bg5 Ke6 15.axb3 gxf6
16.Bf4 c5 17.Re1+ Kf5 18.Be3 cxd4 19.Bxd4 Bd6 20.Nd2 Rhe8 21.Nf1 Kg6 22.Rxe8 Rxe8
23.Kf2 Re6 24.b4 f5 25.Rd1 Bc6 26.h3 h5 27.Be3 f4 28.Bc5 Bxc5+ 29.bxc5 a5
30.Rd4 Rf6 31.Nd2 Rf5 32.Ne4 Bxe4 33.fxe4 Rxc5 34.Kf3 Kg5 35.Rxd7 b4 36.cxb4 Rc2
37.bxa5 Rxb2 38.Rd5+ Kg6 39.h4 Ra2 40.Rg5+ Kh6  1-0

[Event "SWZ-ch int"]
[Site "?"]
[Date "1992.??.??"]
[Round "6"]
[White "Renet, Olivier"]
[Black "Kishnev, Sergey"]
[Result "1-0"]
[WhiteElo "2530"]
[BlackElo "2530"]

1.e4 e5 2.Nf3 Nc6 3.Bb5 a6 4.Ba4 Nf6 5.O-O b5 6.Bb3 Bb7 7.d3 Be7 8.c4 bxc4
9.Bxc4 O-O 10.Nc3 d6 11.a3 Nd4 12.Bg5 Nxe4 13.Bxe7 Nxc3 14.bxc3 Nxf3+ 15.Qxf3 Bxf3
16.Bxd8 Bxg2 17.Kxg2 Rfxd8 18.Bd5 Rab8 19.Rfb1 Kf8 20.a4 Ke7 21.a5 f5 22.Rb7 Kd7
23.Ra7 Rb5 24.c4 Rb2 25.Rxa6 Rdb8 26.Bc6+ Kc8 27.Ra7 Rd2 28.a6  1-0

[Event "Toronto op3"]
[Site "Toronto"]
[Date "1992.??.??"]
[Round "1"]
[White "Hartman, Brian"]
[Black "Livshits, Ron"]
[Result "1/2-1/2"]
[WhiteElo "2360"]
[BlackElo "2310"]

1.e4 e5 2.Nf3 Nc6 3.Bb5 a6 4.Ba4 Nf6 5.O-O b5 6.Bb3 Bb7 7.Re1 Bc5 8.c3 d6
9.d4 Bb6 10.Bg5 h6 11.Bh4 Qe7 12.Qd3 g5 13.Bg3 h5 14.h4 g4 15.Ng5 Nd8 16.a4 Nd7
17.d5 Nc5 18.Qd1 f6 19.Ne6 Ndxe6 20.dxe6 Nxe4 21.Bd5 Bxd5 22.Qxd5 O-O 23.Rxe4 f5
24.Nd2 fxe4 25.Nxe4 bxa4 26.Rxa4 Rae8 27.Ng5 a5 28.Re4 Rf6 29.Re2 Kg7 30.Qd3 Rh8
31.Kh2 Rhh6 32.Rd2 Rxe6 33.Nxe6+ Qxe6 34.f4 e4 35.Qb5 e3 36.Rd5 e2 37.Rg5+ Rg6
38.Rxg6+ Kxg6 39.f5+ Qxf5 40.Qxe2 Kf7 41.Qc4+ d5 42.Qc6 Qe6 43.Qb7 Kf6 44.Qb8 Qe3
45.Qf8+ Kg6 46.Qg8+ Kf6 47.Qf8+ Ke6 48.Qe8+ Kf6 49.Qf8+ Kg6  1/2-1/2

[Event "SWE-ch op"]
[Site "Vaxjo"]
[Date "1992.??.??"]
[Round "?"]
[White "Hjelm, Niclas"]
[Black "Jepson, Christian"]
[Result "1/2-1/2"]
[WhiteElo "2305"]
[BlackElo "2310"]

1.e4 e5 2.Nf3 Nc6 3.Bb5 a6 4.Ba4 Nf6 5.O-O b5 6.Bb3 Bb7 7.c3 Nxe4 8.d4 Na5
9.Nxe5 Nxb3 10.Qxb3 Nd6 11.Bf4 Be7 12.Nd2 O-O 13.Nef3 Ne4 14.Nxe4 Bxe4 15.Nd2 Bb7
16.Qd1 d6 17.Re1 Qd7 18.Re3 Rfe8 19.Qe2 Bf8 20.Re1 Rxe3 21.Qxe3 Qf5 22.Rc1 c5
23.f3 Bc6 24.Nf1 Re8 25.Qd2 a5 26.b3 h6 27.c4 b4 28.d5 Bd7 29.Ng3 Qg6 30.h3 a4
31.Kh2 f5 32.bxa4 Ra8 33.a3 bxa3 34.Ra1 Rxa4 35.Qd3 Qf6 36.Rxa3 Rxa3 37.Qxa3 g6
38.Bd2 Bg7 39.Qa7 Qd8 40.Ne2 Be5+ 41.f4 Bf6 42.Bc3 Be8 43.Qa3 Kf7 44.Bxf6 Qxf6
45.Qd3 Bd7 46.Nc3 Qd4 47.Qxd4 cxd4 48.Nb1 Ba4 49.Kg3 Bc2 50.Nd2 Bd3 51.h4 Ke7
52.Kf2 h5 53.g3 Kd7 54.Nb3 Bxc4 55.Nxd4 Bxd5 56.Ke3 Bg8 57.Nc2 Kc6 58.Kd4 Be6
59.Nb4+ Kc7 60.Na6+ Kc8 61.Nb4 Kd7 62.Na6 Bf7 63.Nb4 Kc7 64.Kd3 Kb6 65.Kd4 Bb3
66.Kc3 Be6 67.Kd4 Bf7 68.Nd3 Kb5 69.Nf2 Kb4 70.Kd3 Kc5 71.Nh3 Bc4+ 72.Kd2 Kd4
73.Ng5 Bd5 74.Nh3 Bg2 75.Ng5 Bd5 76.Nh3 Bg2  1/2-1/2

[Event "Ibercaja op"]
[Site "Zaragoza"]
[Date "1992.??.??"]
[Round "?"]
[White "Sanz Alonso, Francisco Javier"]
[Black "Garcia, Gildardo"]
[Result "0-1"]
[WhiteElo "2410"]
[BlackElo "2485"]

1.e4 e5 2.Nf3 Nc6 3.Bb5 a6 4.Ba4 Nf6 5.O-O b5 6.Bb3 Bb7 7.Re1 Bc5 8.c3 d6
9.d4 Bb6 10.Nh4 Qd7 11.Bg5 O-O-O 12.Bxf6 gxf6 13.Nf5 Ne7 14.Nh6 Rdf8 15.a4 exd4
16.cxd4 f5 17.Nc3 fxe4 18.Nxe4 Nf5 19.Nf6 Qd8 20.Qg4 Qxf6 21.Qxf5+ Qxf5 22.Nxf5 Kb8
23.a5 Ba7 24.Re7 Rhg8 25.g3 Rg5 26.Rc1 Rxf5 27.Rcxc7 Bf3 28.Rxa7 Rc8  0-1

[Event "Aschach op"]
[Site "?"]
[Date "1993.??.??"]
[Round "?"]
[White "Mikac, Matjaz"]
[Black "Hiermann, Dietmar"]
[Result "1-0"]
[WhiteElo "2395"]
[BlackElo "2115"]

1.e4 e5 2.Nf3 Nc6 3.Bb5 a6 4.Ba4 Nf6 5.O-O b5 6.Bb3 Bb7 7.d3 Bc5 8.c3 Bb6
9.Re1 d6 10.Nbd2 Ne7 11.Nf1 O-O 12.Ng3 Ng6 13.h3 h6 14.Nf5 Bc8 15.d4 Kh8
16.Bc2 Bb7 17.a4 Re8 18.d5 Ng8 19.Qe2 bxa4 20.Bxa4 Rf8 21.Bc2 N8e7 22.c4 Bc8
23.Bd2 Nxf5 24.exf5 Nh4 25.g4 Nxf3+ 26.Qxf3 g5 27.f6 Rg8 28.Bc3 Qd7 29.b4 Bb7
30.Bf5 Qd8 31.Be4 Qd7 32.Re2 Rae8 33.Bc2 c6 34.Ba4 Rc8 35.c5 dxc5 36.Rxe5 Bc7
37.dxc6 Bxe5 38.cxb7 Qc7 39.bxc8=Q Rxc8 40.bxc5 Qxc5 41.Bxe5 Qxe5 42.Rd1  1-0

[Event "Baden-Baden op"]
[Site "Baden-Baden"]
[Date "1993.??.??"]
[Round "7"]
[White "Solomunovic, Igor"]
[Black "Mainka, Romuald"]
[Result "1-0"]
[WhiteElo "2330"]
[BlackElo "2515"]

1.e4 e5 2.Nf3 Nc6 3.Bb5 a6 4.Ba4 Nf6 5.O-O b5 6.Bb3 Bb7 7.Re1 Bc5 8.c3 d6
9.d4 Bb6 10.Be3 h6 11.Nbd2 O-O 12.Nf1 Re8 13.d5 Ne7 14.Bxb6 cxb6 15.Bc2 Bc8
16.N3d2 Nh7 17.Ne3 Rf8 18.a4 bxa4 19.Rxa4 Kh8 20.Qh5 a5 21.b4 Qc7 22.Ra3 Bd7
23.Rea1 a4 24.c4 b5 25.Qd1 f5 26.exf5 bxc4 27.Ndxc4 Qb8 28.Qd2 Nxf5 29.Bxf5 Bxf5
30.Rxa4 Rxa4 31.Rxa4 Ng5 32.f3 Bd7 33.Ra6 Rxf3 34.Nb6 Bc8 35.Nxc8 Qxc8 36.Rc6 Qb7
37.b5 Rf8 38.b6 Ne4 39.Qc2 Nc5 40.Rxd6 Qa6 41.h3 Qa5 42.Kh2 Qb4 43.Qc4 Qa3
44.Rc6 Nd7 45.Qe4 Qb3 46.Nc4 Qb4 47.Rc7 Nf6 48.Qg6 Rg8 49.d6  1-0

[Event "Oberliga Baden9293"]
[Site "Baden"]
[Date "1993.??.??"]
[Round "?"]
[White "Schmidt Schaeffer, Sebastian"]
[Black "Staiger, Frank"]
[Result "1-0"]
[WhiteElo "2275"]
[BlackElo "2280"]

1.e4 e5 2.Nf3 Nc6 3.Bb5 a6 4.Ba4 Nf6 5.O-O b5 6.Bb3 Bb7 7.Re1 Bc5 8.c3 d6
9.d4 Bb6 10.a4 Na5 11.Bc2 Qe7 12.Nbd2 O-O-O 13.axb5 axb5 14.Qe2 exd4 15.Nxd4 Nc4
16.Nxc4 bxc4 17.Qxc4 d5 18.Qb5 Nxe4 19.Be3 Qf6 20.Qe2 h5 21.Bd3 Nc5 22.Bb5 Kb8
23.b4 Ne4 24.Ba6 Ba8 25.Bc8 Rxc8 26.Rxa8+ Kxa8 27.Qa6+ Kb8 28.Ra1 c5 29.Bf4+  1-0

[Event "Balatonbereny op"]
[Site "Balatonbereny"]
[Date "1993.??.??"]
[Round "4"]
[White "Torok, Jozsef"]
[Black "Blasovszky, Istvan"]
[Result "1/2-1/2"]
[WhiteElo "2290"]
[BlackElo "2230"]

1.e4 e5 2.Nf3 Nc6 3.Bb5 a6 4.Ba4 Nf6 5.O-O b5 6.Bb3 Bb7 7.Re1 Bc5 8.c3 d6
9.d4 Bb6 10.a4 O-O 11.Bc2 Re8 12.b3 h6 13.Bb2 b4 14.d5 bxc3 15.Bxc3 Ne7 16.Nbd2 Ng6
17.Nc4 Bc8 18.h3 Ba7 19.Bd2 Nh7 20.Be3 Bxe3 21.fxe3 Nh4 22.Rf1 Rf8 23.Ncd2 Nxf3+
24.Nxf3 Ng5  1/2-1/2

[Event "JUG-chT (Women)"]
[Site "Becici"]
[Date "1993.??.??"]
[Round "?"]
[White "Bojkovic, Natasa"]
[Black "Markovic, Gordana"]
[Result "1-0"]
[WhiteElo "2385"]
[BlackElo "2270"]

1.e4 e5 2.Nf3 Nc6 3.Bb5 a6 4.Ba4 Nf6 5.O-O b5 6.Bb3 Bb7 7.d3 Bd6 8.c3 h6
9.Re1 O-O 10.Nbd2 Re8 11.Nf1 Bf8 12.Ng3 Na5 13.Bc2 c5 14.d4 cxd4 15.cxd4 d5
16.exd5 exd4 17.Rxe8 Qxe8 18.Qxd4 Qd8 19.Bd2 Nc4 20.Bc3 Bxd5 21.Qd3 Bxf3
22.Qxf3 Rc8 23.Rd1 Qb6 24.Nf5 g6 25.Ng3 Bg7 26.Bb3 Rd8 27.h3 Rxd1+ 28.Qxd1 Qd6
29.Qxd6 Nxd6 30.Kf1 Nd7 31.Bxg7 Kxg7 32.Ke2 Kf6 33.Ke3 a5 34.Kd4 Ke7 35.Ne4 Nxe4
36.Kxe4 a4 37.Bd5 f5+ 38.Kd4 Kd6 39.Bf7 g5 40.Be8 Nf6 41.Bxb5 a3 42.bxa3 f4
43.Be2  1-0

[Event "Belgium"]
[Site "Belgium"]
[Date "1993.??.??"]
[Round "?"]
[White "Dutreeuw, Marc"]
[Black "Kishnev, Sergey"]
[Result "0-1"]
[WhiteElo "2455"]
[BlackElo "2500"]

1.e4 e5 2.Nf3 Nc6 3.Bb5 a6 4.Ba4 Nf6 5.O-O b5 6.Bb3 Bb7 7.Re1 Bc5 8.c3 d6
9.d4 Bb6 10.Bg5 h6 11.Bh4 g5 12.Bg3 O-O 13.a4 exd4 14.cxd4 Re8 15.e5 dxe5
16.Nxe5 Qxd4 17.Bxf7+ Kf8 18.Bxe8 Nxe5 19.Bh5 Nd3 20.Re3 Nxb2 21.Qe2 Nc4
22.Raa3 Nxa3 23.Nxa3 Nxh5 24.Be5 Qd5 25.Rf3+ Kg8 26.Ba1 Rd8  0-1

[Event "Belgrade"]
[Site "Belgrade"]
[Date "1993.??.??"]
[Round "4"]
[White "Kotronias, Vasilios"]
[Black "Mozetic, Dejan"]
[Result "1-0"]
[WhiteElo "2590"]
[BlackElo "2580"]

1.e4 e5 2.Nf3 Nc6 3.Bb5 a6 4.Ba4 Nf6 5.O-O b5 6.Bb3 Bb7 7.c3 Nxe4 8.d4 Na5
9.Nxe5 Nxb3 10.Qxb3 Nd6 11.Re1 Be7 12.Nd2 O-O 13.a4 Rb8 14.axb5 axb5 15.Nf1 b4
16.c4 Nf5 17.Qd3 Nh4 18.d5 d6 19.Nc6 Bxc6 20.dxc6 Bf6 21.Ra7 Ng6 22.Qe4 Ne5
23.Qd5 Qe8 24.Re4 Qxc6 25.Rxe5 Qb6 26.Be3 c5 27.Ree7 Bxe7 28.Rxe7 Rbe8 29.Rd7 Rd8
30.Rb7 Qa6 31.Bg5 Rb8 32.Rd7 Qa8 33.Qf5 Rb7 34.Rxd6 Qa2 35.Qd5 Ra7 36.Be3 Qb1
37.Rd8  1-0

[Event "Bern op"]
[Site "Bern"]
[Date "1993.??.??"]
[Round "2"]
[White "Sokolov, Andrei"]
[Black "Forster, Richard"]
[Result "1-0"]
[WhiteElo "2555"]
[BlackElo "2270"]

1.e4 e5 2.Nf3 Nc6 3.Bb5 a6 4.Ba4 Nf6 5.O-O b5 6.Bb3 Bb7 7.d3 Bd6 8.c3 O-O
9.a4 h6 10.Nh4 Na5 11.Ba2 Re8 12.Nf5 Bf8 13.f4 d6 14.fxe5 dxe5 15.b4 Nc6
16.Qf3  1-0

[Event "Bled op"]
[Site "Bled"]
[Date "1993.??.??"]
[Round "?"]
[White "Orel, Oskar"]
[Black "Cepon, Dusan"]
[Result "1/2-1/2"]
[WhiteElo "2340"]
[BlackElo "2215"]

1.e4 e5 2.Nf3 Nc6 3.Bb5 a6 4.Ba4 Nf6 5.O-O b5 6.Bb3 Bb7 7.d3 Bc5 8.Nc3 h6
9.Be3 Be7 10.a3 O-O 11.h3 d6 12.Qd2 Bc8 13.Nd5 Be6 14.c4 bxc4 15.Bxc4 Bxd5
16.exd5 Nb8 17.b4 Qc8 18.Rfc1 Qb7 19.Qc2 Bd8 20.Qb3 Nbd7 21.Qa4 Nb8 22.Qb3 Nbd7
23.Qa4 Nb8 24.Qb3  1/2-1/2

[Event "Bucharest1"]
[Site "Bucharest"]
[Date "1993.??.??"]
[Round "2"]
[White "Hristodorescu, Daniel"]
[Black "Le Bellac, Pascal"]
[Result "1-0"]
[WhiteElo "2335"]
[BlackElo "2215"]

1.e4 e5 2.Nf3 Nc6 3.Bb5 a6 4.Ba4 Nf6 5.O-O b5 6.Bb3 Bb7 7.Re1 Bc5 8.c3 d6
9.d4 Bb6 10.Bg5 h6 11.Bh4 O-O 12.Bd5 g5 13.Nxg5 hxg5 14.Bxg5 exd4 15.cxd4 Qe7
16.Re3 Nxd5 17.Rg3 Qxe4 18.Nc3 Nxc3 19.Bf6+ Qg6 20.bxc3 Nxd4 21.cxd4 Qxg3
22.hxg3 Be4 23.Qh5  1-0

[Event "Bucharest TIT (Women)"]
[Site "Bucharest"]
[Date "1993.??.??"]
[Round "13"]
[White "Safranska, Anda"]
[Black "Olarasu, Gabriela"]
[Result "1-0"]
[WhiteElo "2290"]
[BlackElo "2215"]

1.e4 e5 2.Nf3 Nc6 3.Bb5 a6 4.Ba4 Nf6 5.O-O b5 6.Bb3 Bb7 7.d3 Bd6 8.c3 O-O
9.Re1 Re8 10.Nbd2 Na5 11.Bc2 c5 12.Nf1 h6 13.Ng3 Nc6 14.a3 Bf8 15.d4 cxd4
16.cxd4 Nxd4 17.Nxd4 exd4 18.e5 Qc7 19.Bf4 Nd5 20.Rc1 Qb6 21.Bd2 d6 22.e6 Rxe6
23.Rxe6 fxe6 24.Qg4 Kf7 25.Re1 Bc8 26.Be4 Qc6 27.Qh5+ Kf6 28.Qf3+  1-0

[Event "Budapest"]
[Site "Budapest"]
[Date "1993.??.??"]
[Round "?"]
[White "Payen, Arnaud"]
[Black "Blasovszky, Istvan"]
[Result "1-0"]
[WhiteElo "2340"]
[BlackElo "2265"]

1.e4 e5 2.Nf3 Nc6 3.Bb5 a6 4.Ba4 Nf6 5.O-O b5 6.Bb3 Bb7 7.Re1 Bc5 8.c3 d6
9.d4 Bb6 10.Bg5 h6 11.Bh4 g5 12.Bg3 O-O 13.Qc2 Nh5 14.Bd5 Nxg3 15.hxg3 Qf6
16.dxe5 dxe5 17.a4 Rab8 18.Na3 Ne7 19.Bxb7 Rxb7 20.Qe2 c6 21.Nc2 Rd8 22.Ne3 Bxe3
23.Qxe3 bxa4 24.Re2 Rdb8 25.Qc1 Qe6 26.Rxa4 Ng6 27.Nh2 Qb3 28.Qc2 Qxc2 29.Rxc2 Rxb2
30.Rxb2 Rxb2 31.Ng4 Rb1+ 32.Kh2 Rb6 33.Nxh6+ Kf8 34.Nf5 c5 35.Kh3 f6 36.Ra5 Rc6
37.Kg4 Ke8 38.Ne3 Nf8 39.Nd5 Nd7 40.Kf5 Kf7 41.Ra1 Nb6 42.Rb1 Nc4 43.Rb7+ Kf8
44.Kg6 f5+ 45.Nf6 Nd6 46.Rb8+ Ke7 47.exf5 Rc8 48.Rxc8 Nxc8 49.Ne4 c4 50.f6+  1-0

[Event "Budapest FS07 IM-B"]
[Site "Budapest"]
[Date "1993.??.??"]
[Round "1"]
[White "Sziebert, Adam"]
[Black "Gross, David"]
[Result "1-0"]
[WhiteElo "2285"]
[BlackElo "2270"]

1.e4 e5 2.Nf3 Nc6 3.Bb5 a6 4.Ba4 Nf6 5.O-O b5 6.Bb3 Bb7 7.Re1 Bc5 8.c3 d6
9.d4 Bb6 10.Bg5 h6 11.Bh4 g5 12.Bg3 Qe7 13.a4 O-O-O 14.axb5 axb5 15.Na3 h5
16.h4 gxh4 17.Bxh4 Rdg8 18.Nxb5 Rg6 19.Bd5 Rhg8 20.Qb3 Rxg2+ 21.Kf1 Kb8 22.Bxf7 R8g7
23.Qe6 Nxe4 24.Rxe4 Qxe6 25.Bxe6 Nxd4 26.cxd4 Bxe4 27.Ra3 R2g6 28.d5 Bc5
29.b4 Bxb4 30.Rb3 Bxf3 31.Bg3 h4 32.Rxb4 hxg3 33.Nd4+ Ka8 34.Ra4+ Kb7 35.Rb4+ Ka8
36.Nxf3 gxf2 37.Kxf2 Rf6 38.Ke3 c5 39.Ra4+ Kb7 40.Nh4 Rg3+ 41.Ke2 Rh6 42.Kf2 Rb3
43.Nf5 Rh2+ 44.Kg1 Rc2 45.Ra1 Kc7 46.Ra7+ Kb6 47.Ra1 e4 48.Nxd6 Rg3+ 49.Kh1 e3
50.Rb1+ Kc7 51.Ne8+ Kd8 52.d6 Rh3+ 53.Bxh3 Kxe8 54.Be6 Kf8 55.Rg1  1-0

[Event "Spring op"]
[Site "Budapest"]
[Date "1993.??.??"]
[Round "3"]
[White "Almasi, Zoltan"]
[Black "Letay, Gyula"]
[Result "1-0"]
[WhiteElo "2490"]
[BlackElo "2285"]

1.e4 e5 2.Nf3 Nc6 3.Bb5 a6 4.Ba4 Nf6 5.O-O b5 6.Bb3 Bb7 7.c3 Nxe4 8.d4 exd4
9.Re1 d5 10.Ng5 Ne5 11.cxd4 Nc4 12.Bxc4 bxc4 13.f3 Be7 14.fxe4 Bxg5 15.Qa4+ c6
16.exd5+ Kd7 17.dxc6+ Bxc6 18.Qxc4 Bxc1 19.Rxc1 Qb6 20.Qxf7+ Kd8 21.Qxg7 Re8
22.Na3 Re2 23.Nc4 Qb4 24.Qf6+ Kc7 25.Ne3 Qd6 26.Qf7+ Kb8 27.d5 Bb7 28.Qf3 Rxb2
29.Kh1 Rb4 30.Rab1 Ka7 31.Nc4 Rxb1 32.Qe3+  1-0

[Event "Budapest FS11 IM-B"]
[Site "Budapest"]
[Date "1993.??.??"]
[Round "7"]
[White "Farago, Sandor"]
[Black "Blasovszky, Istvan"]
[Result "1-0"]
[WhiteElo "2375"]
[BlackElo "2230"]

1.e4 e5 2.Nf3 Nc6 3.Bb5 a6 4.Ba4 Nf6 5.O-O b5 6.Bb3 Bb7 7.d4 Nxd4 8.Bxf7+ Kxf7
9.Nxe5+ Kg8 10.Qxd4 d6 11.Nf3 Nxe4 12.Re1 d5 13.Be3 Bd6 14.a4 b4 15.c3 Qf6
16.Qd3 h6 17.cxb4 Bxb4 18.Nc3 Rd8 19.Rad1 Ng5 20.Bxg5 hxg5 21.Ne5 Rh4 22.h3 Bc5
23.Re2 Rd4 24.Qc2 Rxd1+ 25.Nxd1 Bd6 26.Ng4 Qf7 27.Qd2 Qf4 28.Qd3 Qf7 29.Nde3 Rf8
30.Nf1 Qf5 31.Qd2 Bf4 32.Qb4 Bc8 33.Qe1 Bd6 34.Re8 Bc5 35.Ng3 Rxe8 36.Qxe8+ Qf8
37.Qe2 Qe7 38.Qd2 c6 39.Qc2 Bd7 40.Nf5 Qe1+ 41.Kh2 Qb4 42.g3 Be8 43.Qc1 Be7
44.Qe3 Kf8 45.Qe5 Bf7 46.Qxg7+ Ke8 47.Ne5  1-0

[Event "Wch U20 Girls"]
[Site "Buenos Aires"]
[Date "1993.??.??"]
[Round "?"]
[White "Cherati, Mariana"]
[Black "Fruteau, Sabine"]
[Result "0-1"]
[WhiteElo "2010"]
[BlackElo "2185"]

1.e4 e5 2.Nf3 Nc6 3.Bb5 a6 4.Ba4 Nf6 5.O-O b5 6.Bb3 Bb7 7.c3 Nxe4 8.Re1 Nc5
9.Nxe5 Nxe5 10.Rxe5+ Ne6 11.Qg4 Bd6 12.Re1 Qf6 13.d4 O-O-O 14.Bxe6 fxe6 15.Qg5 Qf7
16.Be3 h5 17.Nd2 Rh6 18.Qh4 Be7 19.Qf4 Rf6 20.Qe5 Bd6 21.Qg5 Rg6 22.Qh4 Rxg2+
23.Kf1 Rxh2 24.Qg5 Bf3  0-1

[Event "Cappelle op"]
[Site "Cappelle la Grande"]
[Date "1993.??.??"]
[Round "3"]
[White "Arakhamia, Ketevan"]
[Black "Rausis, Igors"]
[Result "1/2-1/2"]
[WhiteElo "2440"]
[BlackElo "2560"]

1.e4 e5 2.Nf3 Nc6 3.Bb5 a6 4.Ba4 Nf6 5.O-O b5 6.Bb3 Bb7 7.c3 Nxe4 8.d4 Na5
9.Nxe5 Nxb3 10.Qxb3 Nd6 11.c4 f6 12.c5 fxe5 13.cxd6 Bxd6 14.dxe5 Bxe5 15.Re1 Qe7
16.Qe3 d6 17.Bd2 c5 18.Bc3 O-O 19.f4 b4 20.Bxe5 dxe5 21.Nd2 Rae8 22.fxe5 Rf5
23.Nc4 Qh4 24.Nd6 Rfxe5 25.Qb3+ c4 26.Rxe5 Rxe5 27.Qxc4+ Qxc4 28.Nxc4 Re2
29.Rd1 Bxg2 30.Rd8+ Kf7 31.Rd7+ Kf6 32.Rd6+ Kg5 33.Rxa6 Bh3 34.Ra5+ Kh4 35.Re5 Rg2+
36.Kh1 Rc2 37.Re4+ Kg5 38.Kg1 Rg2+ 39.Kh1 Rc2 40.Kg1 Bf5 41.h4+ Kf6 42.Rf4 Rc1+
43.Kh2 g5 44.hxg5+ Kxg5 45.Rd4 Rc2+ 46.Kg3 Be6 47.b3 Rc3+ 48.Kf2 Rc2+ 49.Kg3 Rxa2
50.Nd2 Rc2 51.Nf3+ Kf6 52.Rxb4 Rc3 53.Rb6 h5 54.Kf4 Ke7 55.Rb7+  1/2-1/2

[Event "Cappelle op"]
[Site "Cappelle la Grande"]
[Date "1993.??.??"]
[Round "6"]
[White "Lane, Gary W"]
[Black "Rause, Olita"]
[Result "1-0"]
[WhiteElo "2420"]
[BlackElo "2210"]

1.e4 e5 2.Nf3 Nc6 3.Bb5 a6 4.Ba4 Nf6 5.O-O b5 6.Bb3 Bb7 7.d3 Be7 8.c3 O-O
9.Re1 Re8 10.a4 d6 11.Nbd2 h6 12.Nf1 Bf8 13.Ng3 Na5 14.Bc2 c5 15.d4 Qc7 16.d5 g6
17.h3 Rab8 18.Nh2 Bc8 19.Qf3 Bg7 20.axb5 axb5 21.Bxh6 Bxh6 22.Qxf6 b4 23.Nf5 Bf8
24.Ng4  1-0

[Event "Cappelle op"]
[Site "Cappelle la Grande"]
[Date "1993.??.??"]
[Round "6"]
[White "Rytshagov, Mikhail"]
[Black "Kishnev, Sergey"]
[Result "1/2-1/2"]
[WhiteElo "2435"]
[BlackElo "2510"]

1.e4 e5 2.Nf3 Nc6 3.Bb5 a6 4.Ba4 Nf6 5.O-O b5 6.Bb3 Bb7 7.d3 Be7 8.Nc3 d6
9.a4 Na5 10.Ba2 b4 11.Ne2 b3 12.cxb3 Nc6 13.b4 Nxb4 14.Qb3 d5 15.Bd2 a5 16.Nxe5 O-O
17.Nd4 dxe4 18.Bxb4 Bxb4 19.Ndc6 Bxc6 20.Nxc6 Qxd3 21.Qxd3 exd3  1/2-1/2

[Event "Ceske Budejovice op"]
[Site "Ceske Budejovice"]
[Date "1993.??.??"]
[Round "7"]
[White "Gazik, Igor"]
[Black "Gross, David"]
[Result "1-0"]
[WhiteElo "2410"]
[BlackElo "2270"]

1.e4 e5 2.Nf3 Nc6 3.Bb5 a6 4.Ba4 Nf6 5.O-O b5 6.Bb3 Bb7 7.Re1 Bc5 8.c3 d6
9.d4 Bb6 10.Be3 Qe7 11.a4 O-O 12.Nbd2 Na5 13.Bc2 Ng4 14.Bg5 f6 15.Bh4 c5
16.b4 cxb4 17.cxb4 Nc6 18.axb5 axb5 19.Rxa8 Bxa8 20.Qe2 exd4 21.Qxb5 Qa7
22.Bb3+ Kh8 23.Nc4 Bc7 24.Qf5 Nge5 25.Ncxe5 Nxe5 26.Ng5 g6 27.Qf4 d5 28.Ne6 Nd3
29.Qh6 Rf7 30.Rd1 Nb2 31.Bxf6+ Kg8 32.Bxd4 Qa3 33.Bxb2 Qxb2 34.Qe3 Bd6 35.exd5 Qf6
36.g3 Re7 37.Qb6 Rd7 38.Qb5 Qe7 39.Qd3 Rb7 40.b5 Rb6 41.Bc4 Bb7 42.Qd4  1-0